យុទ្ធសាស្ត្រសម្រាប់វិស័យកសិកម្ម និង ទឹក 2006 2010 (Record no. 9445)
[ view plain ]
| 000 -LEADER | |
|---|---|
| fixed length control field | 00533nam a22001217a 4500 |
| 040 ## - CATALOGING SOURCE | |
| Transcribing agency | HS |
| 082 ## - DEWEY DECIMAL CLASSIFICATION NUMBER | |
| Classification number | 338 |
| 100 ## - MAIN ENTRY--AUTHOR NAME | |
| Personal name | ក្រសួងកសិកម្ម រុក្ខាប្រមាញ់ និង នេសាទ |
| 245 ## - TITLE STATEMENT | |
| Title | យុទ្ធសាស្ត្រសម្រាប់វិស័យកសិកម្ម និង ទឹក 2006 2010 |
| 260 ## - PUBLICATION, DISTRIBUTION, ETC. (IMPRINT) | |
| Place of publication | Cambodia |
| Name of publisher | ក្រសួងកសិកម្ម រុក្ខាប្រមាញ់ និង នេសាទ |
| Year of publication | 2010 |
| 300 ## - PHYSICAL DESCRIPTION | |
| Number of Pages | 118p; |
| 942 ## - ADDED ENTRY ELEMENTS (KOHA) | |
| Koha item type | សៀវភៅភាសាខ្មែរ |
| 952 ## - LOCATION AND ITEM INFORMATION (KOHA) | |
| Withdrawn status [LOCAL, KOHA] | 0 |
| Permanent Location | Date acquired | Koha item type | Lost status | Shelving location | Barcode | Current Location | Full call number |
|---|---|---|---|---|---|---|---|
| Library Block C | 2016-09-01 | សៀវភៅភាសាខ្មែរ | C063 | RUA061616 | Library Block C | 338 កសិកម្ម 2008 C63 |